Aasian fyysinen maantiede - Statistics

Yleistilastot
  • Tätä visaa on pelattu 414 kertaa
  • Keskiarvotulos 13 / 24
Vastaustilastot
Vihje Vastaus % Oikein
Korkein vuori Mount Everest
99%
Vuoristo, jossa yllä oleva sijaitsee Himalaja
91%
Laajat Venäjän itäiset alueet Siperia
87%
Toiseksi korkein vuori K2
72%
Suurimmat järvet Kaspianmeri
66%
Suurimmat aavikot Gobi
65%
Mesopotamian kaksi suurta jokea Tigris
63%
Yllä olevan ja Intian välissä sijaitseva lahti Bengalinlahti
60%
Kasvillisuusvyöhyke, josta yllä oleva koostuu Taiga
59%
Suurimmat saaret Jaava
58%
Suurimmat järvet Baikaljärvi
57%
Suurimmat saaret Borneo
57%
Mesopotamian kaksi suurta jokea Eufrat
53%
Pisin joki Jangtse
53%
Lahti, johon yllä olevat virtaavat Persianlahti
52%
Suurimmat saaret Sumatra
51%
Suurimmat saaret Honshu
50%
Niemimaa, jossa Thaimaa ja Vietnam sijaitsevat Indokiina
50%
Maanpinnan matalin paikka (tämän järven rannat) Kuollutmeri
47%
Suurimmat saaret Sulawesi
39%
Suurimmat saaret Uusi-Guinea
38%
Suurimmat aavikot Arabian aavikot
35%
Suurimmat saaret Luzon
33%
Vuoristosola Pakistanin ja Afganistanin välissä Khaibarsola
15%
Ehtoja vastaavia visoja ei löytynyt
Tulosjakauma
Jokaisen tuloksen saaneiden osuus
Persentiili vastausten määrän mukaan
Tuloshistoriasi
Et ole pelannut tätä visaa